Doctor Faustus (Record no. 29189)

MARC details
000 -LEADER
fixed length control field 00415nam a2200157Ia 4500
020 ## - INTERNATIONAL STANDARD BOOK NUMBER
ISBN 9780582254091
050 ## - CALL MARK
Classification number PR 2661 .M37/
100 ## - STATEMENT OF RESPONSIBILITY--MAIN AUTHOR NAME
Personal name Marlowe, Christopher
245 #0 - TITLE STATEMENT
Title Doctor Faustus
260 ## - PUBLICATION, DISTRIBUTION, ETC. (IMPRINT)
Name of publisher Longman
300 ## - PHYSICAL DESCRIPTION
Number of Pages 172 p
650 ## - SUBJECT ADDED ENTRY--TOPICAL TERM
Topical Term Faust, -approximately 1540--Drama. Magicians--Drama. Germany--Drama.
942 ## - ADDED ENTRY ELEMENTS (KOHA)
Koha item type Books
Holdings
Withdrawn status Lost status Source of classification or shelving scheme Damaged status Not for loan Permanent Location Current Location Date acquired Accession Number Price effective from Koha item type
    Library of Congress Classification     NILE UNIVERSITY OF NIGERIA - MAIN LIBRARY NILE UNIVERSITY OF NIGERIA - MAIN LIBRARY 04/23/2025 0002129 04/23/2025 Books